Holiday Quiz

Random Holiday or Halloween Quiz

Halloween Candy Click Quiz Stats

 Plays Quiz Updated Oct 28, 2017

Also try: Candy!!!
Challenge
Share
Tweet
Score 0/20 Timer 03:00
1 Play Today
% Correct
Caramel Apple
94.2%
Popcorn Ball
94%
Swedish Fish
93.9%
Licorice
93.6%
Chocolate Mummy
93.5%
Lollipops
92.9%
Raisinets
92.8%
Tootsie Roll
92.5%
Candy Corn
92.4%
Pez
92.3%
% Correct
Gummy Body Parts
91.9%
Nerds
91%
M&M's
88.7%
Mellocreme Pumpkins
87.5%
Reese's Pieces
85.8%
Reese's Pumpkin
82.7%
Gumdrops
82.2%
Peanut Butter Taffy
82.1%
Dots
76%
Snickers Pumpkin
67.6%

You're not logged in!

Compare scores with friends on all Sporcle quizzes.
OR
Log In

You Might Also Like...

Show Comments

Extras

Top Quizzes Today


Score Distribution

Your Account Isn't Verified!

In order to create a playlist on Sporcle, you need to verify the email address you used during registration. Go to your Sporcle Settings to finish the process.

Report this User

Report this user for behavior that violates our Community Guidelines.

Details: